[Event "Winnipeg TNT 2026.02"]
[Site "Winnipeg CAN"]
[Date "2026.02.10"]
[Round "2.6"]
[White "Essery, Richard"]
[Black "Rutter, Blair"]
[Result "1-0"]
[WhiteElo "1524"]
[BlackElo "1910"]
[WhiteFideId "-1"]
[BlackFideId "-1"]
[PlyCount "119"]
[GameId "2285889121968421"]
[EventDate "2026.02.03"]
[EventType "swiss"]
[EventRounds "4"]
[EventCountry "CAN"]

1. d4 d5 2. Bf4 Nf6 3. Nf3 e6 4. Nbd2 Nbd7 5. h3 c5 6. e3 Be7 7. c3 a6 8. Bd3 b5 9. Ne5 Qb6 10. Ndf3 Bb7 11. O-O Rd8 12. a3 Ne4 13. Qe2 Ndf6 14. Nd2 O-O 15. f3 Nxd2 16. Qxd2 a5 17. b3 b4 18. axb4 axb4 19. cxb4 cxd4 20. exd4 Bxb4 21. Qf2 Bc3 22. Ra4 Ra8 23. Be3 Rxa4 24. bxa4 Qa5 25. Bb5 Rd8 26. Nc6 Bxc6 27. Bxc6 Rb8 28. Bb5 Ne8 29. Rc1 Bb4 30. Bf4 Bd6 31. Qg3 Qb6 32. Kh2 Rd8 33. Rc6 Bxf4 34. Qxf4 Qa7 35. Ra6 Qe7 36. Bxe8 Rxe8 37. Qc1 g6 38. Qc6 Kf8 39. Ra8 f6 40. a5 Rxa8 41. Qxa8+ Kf7 42. a6 Qc7+ 43. Kg1 Qc1+ 44. Kf2 Qd2+ 45. Kf1 Qd1+ 46. Kf2 Qxd4+ 47. Kg3 Qe5+ 48. Kf2 Qd4+ 49. Ke2 Qc4+ 50. Kd2 Qd4+ 51. Kc2 Qa4+ 52. Kd3 Qd1+ 53. Kc3 d4+ 54. Kc4 Qa4+ 55. Kc5 Qc2+ 56. Kd6 d3 57. Qb7+ Kg8 58. a7 Qa4 59. a8=Q+ Qxa8 60. Qxa8+ 1-0

[Event "Winnipeg TNT 2026.02"]
[Site "Winnipeg CAN"]
[Date "2026.02.10"]
[Round "2.7"]
[White "Jin, Winston"]
[Black "Zhang, Oscar"]
[Result "1-0"]
[WhiteElo "1792"]
[BlackElo "1365"]
[WhiteFideId "-1"]
[BlackFideId "-1"]
[PlyCount "47"]
[GameId "2285889121968422"]
[EventDate "2026.02.03"]
[EventType "swiss"]
[EventRounds "4"]
[EventCountry "CAN"]

1. e4 e5 2. Nf3 Nc6 3. Bc4 Bc5 4. c3 Nf6 5. d3 d6 6. O-O Bg4 7. Nbd2 O-O 8. Re1 h6 9. Nf1 a6 10. a3 b5 11. Ba2 Qd7 12. h3 Bh5 13. Ng3 Bg6 14. Nh4 Bh7 15. Qf3 Ne7 16. Bxh6 gxh6 17. Qxf6 Bg6 18. Nxg6 Nxg6 19. Qxg6+ Kh8 20. Qxh6+ Kg8 21. Nh5 Bxf2+ 22. Kxf2 Qf5+ 23. exf5 d5 24. Nf6# 1-0

[Event "Winnipeg TNT 2026.02"]
[Site "Winnipeg CAN"]
[Date "2026.02.10"]
[Round "2.8"]
[White "Lam, Jacob"]
[Black "Kim, Sunyo"]
[Result "0-1"]
[WhiteElo "1286"]
[BlackElo "1757"]
[WhiteFideId "-1"]
[BlackFideId "-1"]
[PlyCount "140"]
[GameId "2285889121968423"]
[EventDate "2026.02.03"]
[EventType "swiss"]
[EventRounds "4"]
[EventCountry "CAN"]

1. d4 d5 2. Nc3 Nf6 3. Bf4 e6 4. e3 Bb4 5. Bd3 Ne4 6. Nge2 Nc6 7. O-O g5 8. Bg3 Nxg3 9. Nxg3 a6 10. Nce2 h5 11. c3 Bd6 12. f4 h4 13. Nh1 Bd7 14. Nf2 f5 15. fxg5 Qxg5 16. Nh3 Qg7 17. Nef4 O-O-O 18. Qe2 Kb8 19. c4 Nb4 20. c5 Bxf4 21. Nxf4 Nxd3 22. Qxd3 Bb5 23. Qd2 Bxf1 24. Nxe6 Qxg2+ 25. Qxg2 Bxg2 26. Nxd8 h3 27. Ne6 Re8 28. Ng7 Rxe3 29. Nxf5 Rd3 30. Re1 Be4 31. Ng3 Rxd4 32. Nxe4 dxe4 33. a3 Kc8 34. Kf2 Kd7 35. Ke3 Rd3+ 36. Kxe4 Rd2 37. b4 Rxh2 38. Kf3 Ra2 39. Re3 h2 40. Rd3+ Kc6 41. Rd1 Rxa3+ 42. Kg2 Ra2+ 43. Kh1 Rb2 44. Rd4 a5 45. bxa5 Kxc5 46. Rd8 Rb1+ 47. Kxh2 Ra1 48. Ra8 Kb5 49. Ra7 Rxa5 50. Rxb7+ Kc6 51. Rb8 Kd5 52. Kg2 Kd4 53. Kf2 Re5 54. Rb2 c5 55. Re2 Rxe2+ 56. Kxe2 Kc3 57. Ke3 c4 58. Ke2 Kb2 59. Kd1 c3 60. Ke2 c2 61. Kd3 c1=Q 62. Ke2 Qc3 63. Kf2 Kc2 64. Ke2 Qd3+ 65. Kf2 Kd2 66. Kg2 Ke2 67. Kg1 Qf3 68. Kh2 Qg4 69. Kh1 Kf2 70. Kh2 Qg2# 0-1

[Event "Winnipeg TNT 2026.02"]
[Site "Winnipeg CAN"]
[Date "2026.02.10"]
[Round "2.9"]
[White "Mandusic, Ante"]
[Black "Voth, Levi"]
[Result "0-1"]
[WhiteElo "1267"]
[BlackElo "1680"]
[WhiteFideId "-1"]
[BlackFideId "-1"]
[PlyCount "62"]
[GameId "2285889121968424"]
[EventDate "2026.02.03"]
[EventType "swiss"]
[EventRounds "4"]
[EventCountry "CAN"]

1. e4 c5 2. d3 Nc6 3. Nc3 g6 4. Bd2 Bg7 5. g3 Nf6 6. Bg2 d6 7. Nf3 O-O 8. O-O Bg4 9. a3 Nd4 10. Qc1 Bxf3 11. Bxf3 Nxf3+ 12. Kh1 Qd7 13. Kg2 Nd4 14. a4 Qg4 15. f3 Qd7 16. Be3 a6 17. Bxd4 cxd4 18. Ne2 e5 19. b4 d5 20. a5 Rac8 21. Ra2 Rc7 22. c3 dxc3 23. Nxc3 d4 24. Ra3 Rfc8 25. Qa1 dxc3 26. Rc1 Qxd3 27. Rcxc3 Rxc3 28. Rxc3 Rxc3 29. Qe1 Rc2+ 30. Kh3 Qxf3 31. Qf1 Qg4# 0-1

[Event "Winnipeg TNT 2026.02"]
[Site "Winnipeg CAN"]
[Date "2026.02.17"]
[Round "3.1"]
[White "Protsiuk, Svitlana"]
[Black "Punay, Rhailey"]
[Result "1/2-1/2"]
[WhiteElo "2087"]
[BlackElo "2017"]
[WhiteFideId "-1"]
[BlackFideId "-1"]
[PlyCount "84"]
[GameId "2285889121976617"]
[EventDate "2026.02.03"]
[EventType "swiss"]
[EventRounds "4"]
[EventCountry "CAN"]

1. e4 c5 2. Nf3 Nc6 3. c3 Nf6 4. e5 Nd5 5. d4 cxd4 6. cxd4 d6 7. exd6 Qxd6 8. Nc3 Bg4 9. Be2 e6 10. Qb3 Nb6 11. Be3 Be7 12. h3 Bh5 13. Qb5 Bg6 14. Ne5 O-O 15. Nxg6 hxg6 16. Rd1 Qb4 17. O-O Qxb5 18. Bxb5 Nb4 19. a3 N4d5 20. Nxd5 Nxd5 21. Rc1 Rfd8 22. Rfd1 Bf6 23. Bc4 Nb6 24. Ba2 Rac8 25. Rxc8 Rxc8 26. d5 Nxd5 27. Bxd5 exd5 28. Rxd5 Bxb2 29. a4 a6 30. Rd7 b5 31. axb5 axb5 32. Rb7 Bc1 33. Ba7 Ra8 34. Bb8 Ra1 35. g3 Rb1 36. Kg2 b4 37. Bd6 Bd2 38. Rb8+ Kh7 39. Rb7 b3 40. Be5 Kg8 41. Rb8+ Kh7 42. Rb7 Kg8 1/2-1/2

[Event "Winnipeg TNT 2026.02"]
[Site "Winnipeg CAN"]
[Date "2026.02.17"]
[Round "3.2"]
[White "Klokow, John"]
[Black "Zhou, Joe"]
[Result "1/2-1/2"]
[WhiteElo "1883"]
[BlackElo "1918"]
[WhiteFideId "-1"]
[BlackFideId "-1"]
[PlyCount "80"]
[GameId "2285889121976618"]
[EventDate "2026.02.03"]
[EventType "swiss"]
[EventRounds "4"]
[EventCountry "CAN"]

1. e4 e6 2. d4 d5 3. Nd2 Nf6 4. e5 Nfd7 5. Bd3 c5 6. c3 Nc6 7. Ne2 Be7 8. Nf3 b6 9. O-O a5 10. a4 cxd4 11. cxd4 Nb4 12. Bb5 Ba6 13. Bxa6 Rxa6 14. Bd2 O-O 15. h3 Ra8 16. Nh2 Rc8 17. Ra3 f6 18. Nf4 Rc6 19. Rg3 f5 20. Rc3 Qa8 21. Rxc6 Qxc6 22. Qc1 Kf7 23. Bxb4 Qxc1 24. Rxc1 Bxb4 25. Rc7 Rd8 26. Nf3 h6 27. g4 g5 28. Nh5 Kg6 29. Ng3 f4 30. Nh5 Bf8 31. Rc6 Re8 32. Kf1 Kf7 33. Rc7 Re7 34. Rb7 Ke8 35. Rc7 Rh7 36. Rc6 Kf7 37. Ke2 Be7 38. Rc7 Ke8 39. Rc6 Kf7 40. Rc7 Ke8 1/2-1/2

[Event "Winnipeg TNT 2026.02"]
[Site "Winnipeg CAN"]
[Date "2026.02.17"]
[Round "3.3"]
[White "Wang, Lucas"]
[Black "Kuryliw, Ray"]
[Result "0-1"]
[WhiteElo "1946"]
[BlackElo "1890"]
[WhiteFideId "-1"]
[BlackFideId "-1"]
[PlyCount "108"]
[GameId "2285889121976619"]
[EventDate "2026.02.03"]
[EventType "swiss"]
[EventRounds "4"]
[EventCountry "CAN"]

1. d4 Nf6 2. c4 c5 3. d5 b5 4. Nc3 Qa5 5. cxb5 a6 6. b6 g6 7. Qb3 Bb7 8. Bd2 d6 9. e4 Qb4 10. Qc2 Qxb6 11. f3 Nbd7 12. Bc4 Bg7 13. Nge2 O-O 14. O-O Ne5 15. b3 Nxc4 16. bxc4 Nd7 17. Rab1 Qc7 18. Na4 Rfb8 19. Rb3 Bc8 20. Rfb1 Rxb3 21. Rxb3 Rb8 22. Bc3 Rxb3 23. axb3 Qb7 24. Bxg7 Kxg7 25. Qc3+ Kg8 26. Nf4 Ne5 27. Kf1 Bd7 28. Ke2 Bxa4 29. bxa4 Qb4 30. Qxb4 cxb4 31. Nd3 Nxd3 32. Kxd3 a5 33. g4 g5 34. e5 Kf8 35. Kd4 Ke8 36. c5 dxc5+ 37. Kc4 Kd7 38. Kb3 f6 39. e6+ Kd6 40. Kc4 Ke5 41. Kxc5 b3 42. Kc6 b2 43. d6 b1=Q 44. dxe7 Qc2+ 45. Kd7 Qd3+ 46. Kc8 Qc4+ 47. Kd8 Qd5+ 48. Ke8 Kxe6 49. Kf8 Qd6 50. Kg8 Qxe7 51. f4 gxf4 52. g5 fxg5 53. Kh8 Kf6 54. Kg8 Qg7# 0-1

[Event "Winnipeg TNT 2026.02"]
[Site "Winnipeg CAN"]
[Date "2026.02.17"]
[Round "3.4"]
[White "Zhang, Nicole"]
[Black "Gannon, Keith"]
[Result "1-0"]
[WhiteElo "1844"]
[BlackElo "1571"]
[WhiteFideId "-1"]
[BlackFideId "-1"]
[PlyCount "111"]
[GameId "2285889121976620"]
[EventDate "2026.02.03"]
[EventType "swiss"]
[EventRounds "4"]
[EventCountry "CAN"]

1. e4 Nc6 2. d4 e6 3. Nf3 d5 4. exd5 exd5 5. Bf4 Bf5 6. Bb5 Bb4+ 7. c3 Bd6 8. Bxd6 Qxd6 9. O-O Nge7 10. Nbd2 O-O 11. Re1 Rfe8 12. Ne5 Be6 13. Re3 a6 14. Ba4 b5 15. Bc2 Nxe5 16. dxe5 Qd7 17. Rg3 Ng6 18. Qh5 Re7 19. Nf3 f6 20. exf6 gxf6 21. Bxg6 hxg6 22. Rxg6+ Rg7 23. Rxf6 Bg4 24. Qh4 Bxf3 25. Rxf3 Re8 26. Rg3 Ree7 27. Rxg7+ Rxg7 28. Re1 c5 29. Re3 d4 30. cxd4 cxd4 31. Rg3 d3 32. Rxg7+ Kxg7 33. Qg5+ Kf7 34. Qd2 Qc6 35. Qf4+ Kg6 36. Qg3+ Kf5 37. Qxd3+ Ke5 38. Qc3+ Qxc3 39. bxc3 Kd5 40. h4 Kc4 41. h5 Kxc3 42. h6 b4 43. h7 Kb2 44. h8=Q+ Kxa2 45. Qd4 b3 46. Qa4+ Kb2 47. Qxa6 Kc1 48. Qc4+ Kb2 49. Kf1 Ka3 50. Qc3 Ka2 51. Qa5+ Kb1 52. Ke1 b2 53. g4 Kc1 54. Qc3+ Kb1 55. Kd1 Ka1 56. Kc2 1-0

[Event "Winnipeg TNT 2026.02"]
[Site "Winnipeg CAN"]
[Date "2026.02.17"]
[Round "3.5"]
[White "Pottinger, Carl"]
[Black "Essery, Richard"]
[Result "1-0"]
[WhiteElo "1833"]
[BlackElo "1524"]
[WhiteFideId "-1"]
[BlackFideId "-1"]
[PlyCount "67"]
[GameId "2285889121976621"]
[EventDate "2026.02.03"]
[EventType "swiss"]
[EventRounds "4"]
[EventCountry "CAN"]

1. d4 d5 2. Nf3 Bf5 3. Bf4 e6 4. e3 Nf6 5. c4 c6 6. Qb3 Qc8 7. h3 h6 8. Be2 Be7 9. O-O O-O 10. Nc3 Nbd7 11. cxd5 exd5 12. Rac1 a6 13. Ne5 Re8 14. Bf3 Be6 15. Qd1 Nb6 16. b3 Qd8 17. Be2 Rc8 18. Bd3 Nfd7 19. Qh5 Bg5 20. Bh2 Nxe5 21. Bxe5 Nd7 22. Bh2 f5 23. b4 Nf6 24. Qd1 Ne4 25. a4 Qe7 26. Bxe4 fxe4 27. Qb3 Qd7 28. Ne2 Rf8 29. Nf4 Qf7 30. b5 axb5 31. axb5 Bd7 32. bxc6 bxc6 33. Ne2 Rb8 34. Bxb8 1-0

[Event "Winnipeg TNT 2026.02"]
[Site "Winnipeg CAN"]
[Date "2026.02.17"]
[Round "3.6"]
[White "Kim, Sunyo"]
[Black "Jin, Winston"]
[Result "0-1"]
[WhiteElo "1757"]
[BlackElo "1792"]
[WhiteFideId "-1"]
[BlackFideId "-1"]
[PlyCount "78"]
[GameId "2285889121976622"]
[EventDate "2026.02.03"]
[EventType "swiss"]
[EventRounds "4"]
[EventCountry "CAN"]

1. e4 c5 2. Nf3 e6 3. d4 cxd4 4. Nxd4 a6 5. Nc3 b5 6. a3 Bb7 7. Bd3 Nc6 8. Nf3 Bc5 9. b4 Bb6 10. O-O d6 11. Ne2 Nf6 12. Bb2 O-O 13. Ng3 Rc8 14. Rc1 h6 15. Qe2 d5 16. exd5 exd5 17. Rfd1 Ng4 18. Rf1 Re8 19. Qd2 Nce5 20. Nxe5 Nxe5 21. Nf5 d4 22. Qf4 Bc7 23. Qxd4 Qg5 24. Ng3 Red8 25. f4 Qh4 26. Nf5 Rxd4 27. Nxh4 Nxd3 28. Bxd4 Nxc1 29. Rxc1 Bxf4 30. Rf1 Bg5 31. Nf5 Rxc2 32. Rf2 Rc1+ 33. Rf1 Rxf1+ 34. Kxf1 Bc1 35. Nxg7 Bxa3 36. Nf5 Bxb4 37. Nxh6+ Kf8 38. h4 Bc8 39. h5 Bd2 0-1

[Event "Winnipeg TNT 2026.02"]
[Site "Winnipeg CAN"]
[Date "2026.02.17"]
[Round "3.7"]
[White "Voth, Levi"]
[Black "Curtis, Rory"]
[Result "0-1"]
[WhiteElo "1680"]
[BlackElo "1740"]
[WhiteFideId "-1"]
[BlackFideId "-1"]
[PlyCount "94"]
[GameId "2285889121984815"]
[EventDate "2026.02.03"]
[EventType "swiss"]
[EventRounds "4"]
[EventCountry "CAN"]

1. d4 Nf6 2. Nc3 g6 3. Bf4 Bg7 4. Nf3 d6 5. e3 O-O 6. h4 Nh5 7. g3 Nc6 8. d5 Nb4 9. a3 Na6 10. Qd2 e5 11. dxe6 Bxe6 12. O-O-O Nc5 13. Bh3 Bxh3 14. Rxh3 Nxf4 15. gxf4 h5 16. f5 Qf6 17. Nd4 Rae8 18. Rg1 Ne4 19. Qe1 Bh6 20. Kb1 c5 21. Nde2 Qxf5 22. Nxe4 Qxh3 23. Nf6+ Kh8 24. Nxe8 Rxe8 25. Qc3+ Bg7 26. Qc4 Qe6 27. Qxe6 Rxe6 28. Nf4 Re4 29. Kc1 Be5 30. Ng2 Bf6 31. Rd1 Be7 32. f4 f5 33. Rh1 d5 34. c3 d4 35. exd4 cxd4 36. c4 d3 37. Re1 Bf6 38. Rxe4 fxe4 39. b3 Kg8 40. Kd2 Kf8 41. Ke3 Ke7 42. Kxe4 d2 43. Ne3 Bxh4 44. Kd5 Kd7 45. b4 Be7 46. c5 h4 47. b5 h3 0-1

[Event "Winnipeg TNT 2026.02"]
[Site "Winnipeg CAN"]
[Date "2026.02.17"]
[Round "3.8"]
[White "Rutter, Blair"]
[Black "Lam, Jacob"]
[Result "1-0"]
[WhiteElo "1910"]
[BlackElo "1286"]
[WhiteFideId "-1"]
[BlackFideId "-1"]
[PlyCount "132"]
[GameId "2285889121984816"]
[EventDate "2026.02.03"]
[EventType "swiss"]
[EventRounds "4"]
[EventCountry "CAN"]

1. c4 e5 2. g3 Nf6 3. Bg2 Bc5 4. Nc3 d6 5. e3 Be6 6. Nge2 Nc6 7. d4 exd4 8. exd4 Nxd4 9. Nxd4 Bxc4 10. Qa4+ b5 11. Ndxb5 Qe7+ 12. Kd1 O-O 13. Qxc4 Rab8 14. Re1 Qd7 15. Re2 c6 16. Nd4 Rb4 17. Qa6 Rxd4+ 18. Rd2 Rxd2+ 19. Bxd2 Bxf2 20. Qxc6 Qg4+ 21. Qf3 Re8 22. Qxg4 Nxg4 23. h3 Ne3+ 24. Bxe3 Rxe3 25. Kc2 Rxg3 26. Bd5 Rxh3 27. Rf1 Rh2 28. Kb3 h6 29. Ne4 Rh3+ 30. Kc4 Bb6 31. Rxf7 Kh7 32. Nxd6 Rh4+ 33. Kb5 Rh5 34. Kc6 Kg6 35. Be4+ Kg5 36. Rxg7+ Kf6 37. Rg2 Rc5+ 38. Kb7 Ke5 39. Rg6 Rc7+ 40. Ka6 Rd7 41. Nc4+ Kxe4 42. Nxb6 axb6 43. Rxb6 h5 44. Rh6 Rd2 45. b4 Rxa2+ 46. Kb5 Rh2 47. Kc6 Rc2+ 48. Kb6 Rb2 49. b5 Rh2 50. Kc7 Rc2+ 51. Kb8 Rc5 52. b6 Kd4 53. b7 Kc4 54. Ka7 Rc7 55. Kb6 Rc5 56. Rc6 Rxc6+ 57. Kxc6 h4 58. b8=Q h3 59. Qg3 h2 60. Qxh2 Kd4 61. Qe2 Kc3 62. Kc5 Kb3 63. Qd3+ Ka4 64. Qb5+ Ka3 65. Kc4 Ka2 66. Kc3 Ka1 1-0

[Event "Winnipeg TNT 2026.02"]
[Site "Winnipeg CAN"]
[Date "2026.02.17"]
[Round "3.10"]
[White "Zhang, Chloe"]
[Black "Mandusic, Ante"]
[Result "0-1"]
[WhiteElo "1091"]
[BlackElo "1267"]
[WhiteFideId "-1"]
[BlackFideId "-1"]
[PlyCount "104"]
[GameId "2285889121993010"]
[EventDate "2026.02.03"]
[EventType "swiss"]
[EventRounds "4"]
[EventCountry "CAN"]

1. e4 Nc6 2. Nf3 d6 3. Nc3 e5 4. Bc4 g6 5. O-O Bg7 6. d3 Nf6 7. Bg5 O-O 8. Nd5 Bg4 9. h3 Be6 10. Nxf6+ Bxf6 11. Bh6 Re8 12. Bxe6 Rxe6 13. Qd2 a5 14. Bg5 Bxg5 15. Nxg5 Re7 16. Qe3 h6 17. Nf3 Kg7 18. Nh4 g5 19. Nf5+ Kg6 20. Nxe7+ Qxe7 21. Qf3 Nd4 22. Qe3 Nxc2 23. Qf3 Nxa1 24. Rxa1 c5 25. Qf5+ Kg7 26. Re1 b5 27. Re3 Rf8 28. Rg3 Qe6 29. Qxe6 fxe6 30. h4 d5 31. hxg5 hxg5 32. Rxg5+ Kf6 33. Rg3 Ke7 34. Re3 d4 35. Re2 c4 36. dxc4 bxc4 37. Kf1 d3 38. Rd2 Rf4 39. f3 Kd6 40. b3 Kc5 41. bxc4 Kxc4 42. Ke1 Kc3 43. Kd1 Rh4 44. Ke1 Rh1+ 45. Kf2 Kxd2 46. g4 Kc2 47. Kg2 Ra1 48. g5 d2 49. Kg3 d1=Q 50. g6 Qg1+ 51. Kh4 Qxg6 52. f4 Rh1# 0-1

[Event "Winnipeg TNT 2026.02"]
[Site "Winnipeg CAN"]
[Date "2026.02.24"]
[Round "4.1"]
[White "Zhou, Joe"]
[Black "Protsiuk, Svitlana"]
[Result "0-1"]
[WhiteElo "1918"]
[BlackElo "2087"]
[WhiteFideId "-1"]
[BlackFideId "-1"]
[PlyCount "44"]
[GameId "2285889121993011"]
[EventDate "2026.02.03"]
[EventType "swiss"]
[EventRounds "4"]
[EventCountry "CAN"]

1. c4 g6 2. Nc3 Bg7 3. d4 d6 4. Nf3 Nd7 5. e4 e5 6. Be3 Ne7 7. dxe5 dxe5 8. Bd3 c6 9. O-O O-O 10. Qc2 f5 11. Bg5 f4 12. b4 h6 13. Bxe7 Qxe7 14. c5 g5 15. Bc4+ Kh7 16. g3 fxg3 17. fxg3 Nxc5 18. Qe2 Ne6 19. a3 Bd7 20. Rad1 Nd4 21. Qd3 Bh3 22. Rf2 Qf6 0-1

[Event "Winnipeg TNT 2026.02"]
[Site "Winnipeg CAN"]
[Date "2026.02.24"]
[Round "4.2"]
[White "Punay, Rhailey"]
[Black "Pottinger, Carl"]
[Result "1/2-1/2"]
[WhiteElo "2017"]
[BlackElo "1833"]
[WhiteFideId "-1"]
[BlackFideId "-1"]
[PlyCount "76"]
[GameId "2285889121993012"]
[EventDate "2026.02.03"]
[EventType "swiss"]
[EventRounds "4"]
[EventCountry "CAN"]

1. e4 c5 2. Nf3 d6 3. d3 Nc6 4. g3 g6 5. Bg2 Bg7 6. O-O Nf6 7. c3 O-O 8. Re1 a6 9. d4 cxd4 10. cxd4 Bg4 11. h3 Bd7 12. Nc3 Rc8 13. e5 Ne8 14. Bf4 dxe5 15. dxe5 Nc7 16. Qd2 Bf5 17. Rad1 Qxd2 18. Rxd2 Rcd8 19. Red1 Rxd2 20. Rxd2 Rd8 21. Rxd8+ Nxd8 22. Nd4 Bc8 23. a4 Nde6 24. Nxe6 Nxe6 25. Be3 Bxe5 26. Nd5 Bd7 27. Bh6 Bxb2 28. Nxe7+ Kh8 29. Bxb7 Nc5 30. Bd5 Nxa4 31. Bxf7 Bxh3 32. Bc4 Nc5 33. Be3 Be6 34. Be2 Nd7 35. Bxa6 Bf6 36. Nc6 Ne5 37. Nd4 Bd5 38. Nc2 Ng4 1/2-1/2

[Event "Winnipeg TNT 2026.02"]
[Site "Winnipeg CAN"]
[Date "2026.02.24"]
[Round "4.3"]
[White "Kuryliw, Ray"]
[Black "Zhang, Nicole"]
[Result "1-0"]
[WhiteElo "1890"]
[BlackElo "1844"]
[WhiteFideId "-1"]
[BlackFideId "-1"]
[PlyCount "65"]
[GameId "2285889121993013"]
[EventDate "2026.02.03"]
[EventType "swiss"]
[EventRounds "4"]
[EventCountry "CAN"]

1. d4 d5 2. Bf4 Nf6 3. e3 e6 4. Nd2 Nbd7 5. Bd3 Be7 6. Ngf3 c5 7. c3 O-O 8. Ne5 Nxe5 9. dxe5 Nd7 10. Qg4 Re8 11. Bh6 Bf8 12. f4 f6 13. Qg3 Kh8 14. exf6 Nxf6 15. Bg5 Be7 16. Nf3 Ne4 17. Bxe4 dxe4 18. Ne5 Kg8 19. Bxe7 Qxe7 20. O-O-O b5 21. h4 a5 22. h5 h6 23. Qf2 Qf6 24. g4 Rf8 25. Qg2 a4 26. Rhf1 c4 27. a3 Rd8 28. g5 Rxd1+ 29. Rxd1 hxg5 30. Qxg5 Qxg5 31. fxg5 Bb7 32. Rd7 Bd5 33. h6 1-0

[Event "Winnipeg TNT 2026.02"]
[Site "Winnipeg CAN"]
[Date "2026.02.24"]
[Round "4.4"]
[White "Jin, Winston"]
[Black "Curtis, Rory"]
[Result "1/2-1/2"]
[WhiteElo "1792"]
[BlackElo "1740"]
[WhiteFideId "-1"]
[BlackFideId "-1"]
[PlyCount "62"]
[GameId "2285889121993014"]
[EventDate "2026.02.03"]
[EventType "swiss"]
[EventRounds "4"]
[EventCountry "CAN"]

1. e4 e5 2. Nf3 d6 3. Bc4 Be7 4. d3 Nf6 5. c3 O-O 6. Nbd2 Nc6 7. Nf1 a6 8. a3 d5 9. exd5 Nxd5 10. Ng3 Bg4 11. O-O Qd7 12. h3 Be6 13. Re1 Bd6 14. d4 exd4 15. Nxd4 Nxd4 16. Qxd4 Bxg3 17. fxg3 c6 18. Bxd5 Qxd5 19. Qf2 Rad8 20. Bf4 h6 21. Re5 Qd3 22. Re3 Qd5 23. Be5 Qd2 24. Bd4 Qxf2+ 25. Kxf2 Rd5 26. b3 Rfd8 27. a4 b5 28. axb5 axb5 29. Ra6 Rf5+ 30. Rf3 Rxf3+ 31. gxf3 Bd5 1/2-1/2

[Event "Winnipeg TNT 2026.02"]
[Site "Winnipeg CAN"]
[Date "2026.02.24"]
[Round "4.5"]
[White "Gres, Yakiv"]
[Black "Wang, Lucas"]
[Result "1-0"]
[WhiteElo "2174"]
[BlackElo "1946"]
[WhiteFideId "-1"]
[BlackFideId "-1"]
[PlyCount "87"]
[GameId "2285889121993015"]
[EventDate "2026.02.03"]
[EventType "swiss"]
[EventRounds "4"]
[EventCountry "CAN"]

1. d4 d5 2. Nf3 Nf6 3. c4 dxc4 4. Nc3 a6 5. a4 Bf5 6. e3 e6 7. Bxc4 Bb4 8. O-O O-O 9. Ne5 Nbd7 10. Nd3 Bd6 11. h3 c5 12. Nxc5 Nxc5 13. dxc5 Bxc5 14. Qf3 Qb6 15. a5 Qc7 16. e4 Bg6 17. Ra4 Qc6 18. Re1 Bd4 19. e5 Be4 20. Rxe4 Nxe4 21. Qxe4 Qxe4 22. Nxe4 Bxe5 23. Be3 Rfd8 24. Kf1 Bxb2 25. Rb4 Bd4 26. Rxb7 Bxe3 27. fxe3 Rdc8 28. Nd6 Rc6 29. Rd7 h6 30. Ke2 Rb8 31. Kd3 Rb1 32. Ke2 Rb2+ 33. Kd3 Rxg2 34. Rd8+ Kh7 35. Nxf7 Rg1 36. Rh8+ Kg6 37. Ne5+ Kf6 38. Nxc6 Rd1+ 39. Kc2 Rd6 40. Rf8+ Kg6 41. Ne5+ Kh5 42. Rf4 Rd8 43. Be2+ Kg5 44. h4# 1-0

[Event "Winnipeg TNT 2026.02"]
[Site "Winnipeg CAN"]
[Date "2026.02.24"]
[Round "4.6"]
[White "Zhang, Oscar"]
[Black "Rutter, Blair"]
[Result "0-1"]
[WhiteElo "1365"]
[BlackElo "1910"]
[WhiteFideId "-1"]
[BlackFideId "-1"]
[PlyCount "106"]
[GameId "2285889121993016"]
[EventDate "2026.02.03"]
[EventType "swiss"]
[EventRounds "4"]
[EventCountry "CAN"]

1. e4 e6 2. d4 d5 3. Nc3 Nf6 4. e5 Nfd7 5. Nf3 c5 6. Be3 Nc6 7. Na4 cxd4 8. Bxd4 Nxd4 9. Qxd4 Qa5+ 10. Nc3 a6 11. a3 b5 12. b4 Qc7 13. Bd3 Be7 14. O-O O-O 15. Ne2 f5 16. Rfe1 Nb6 17. Nf4 Bd7 18. h3 Rac8 19. Rac1 Nc4 20. Bxc4 Qxc4 21. Qxc4 Rxc4 22. Ne2 Ra8 23. c3 h6 24. Ned4 Kf7 25. Nd2 Rc7 26. N2f3 a5 27. Re2 axb4 28. axb4 g5 29. g4 fxg4 30. hxg4 Kg6 31. Nh2 Rc4 32. Nb3 Ra3 33. Rb2 Bxb4 34. cxb4 Rxb3 35. Rcb1 Rxb2 36. Rxb2 Re4 37. f3 Rxe5 38. Kf2 d4 39. Re2 Rd5 40. Rd2 e5 41. Ke2 Be6 42. Rb2 Rd7 43. Kd3 Bd5 44. Kd2 Rc7 45. Rc2 Bc4 46. Ke1 Ra7 47. Rb2 Ra1+ 48. Kf2 Kf6 49. Kg2 Ke6 50. Kf2 Kd5 51. Kg2 d3 52. Kf2 Kd4 53. Nf1 Rxf1+ 0-1

[Event "Winnipeg TNT 2026.02"]
[Site "Winnipeg CAN"]
[Date "2026.02.24"]
[Round "4.7"]
[White "Gannon, Keith"]
[Black "Kim, Sunyo"]
[Result "0-1"]
[WhiteElo "1571"]
[BlackElo "1757"]
[WhiteFideId "-1"]
[BlackFideId "-1"]
[PlyCount "150"]
[GameId "2285889122009401"]
[EventDate "2026.02.03"]
[EventType "swiss"]
[EventRounds "4"]
[EventCountry "CAN"]

1. Nf3 d5 2. d4 e6 3. Nc3 c5 4. e3 Nf6 5. Bb5+ Nc6 6. Ne5 Bd7 7. Nxd7 Qxd7 8. O-O a6 9. Be2 Bd6 10. dxc5 Bxc5 11. Bf3 O-O 12. Na4 Ba7 13. b3 b5 14. Nb2 Rac8 15. a4 b4 16. Nd3 a5 17. Bb2 Qe7 18. Ne5 Nxe5 19. Bxe5 Bb8 20. Bxb8 Rxb8 21. Qd3 Rbc8 22. Rac1 Rc3 23. Qd2 Rfc8 24. Rfd1 Qc7 25. h3 Rxc2 26. Rxc2 Qxc2 27. Qxc2 Rxc2 28. e4 Rc5 29. exd5 Nxd5 30. Bxd5 Rxd5 31. Rc1 Kf8 32. Rc8+ Ke7 33. Rc7+ Kf6 34. Ra7 h5 35. g4 hxg4 36. hxg4 e5 37. Kg2 Kg6 38. f3 f5 39. gxf5+ Kxf5 40. Rxg7 Kf4 41. Rg4+ Ke3 42. Rc4 Kd2 43. Kf2 Kd3 44. Rc6 e4 45. fxe4 Kxe4 46. Ke2 Kf4 47. Rc4+ Ke5 48. Ke3 Kf5 49. Rf4+ Kg5 50. Rd4 Rc5 51. Kd2 Kf5 52. Rd6 Ke5 53. Rd8 Ke6 54. Re8+ Kd7 55. Ra8 Kc7 56. Ra7+ Kb6 57. Rf7 Rc3 58. Rf6+ Kc5 59. Rf5+ Kd4 60. Rxa5 Rxb3 61. Ra8 Rb2+ 62. Kc1 Kc3 63. a5 Rh2 64. Rc8+ Kb3 65. a6 Ra2 66. Ra8 Ra1+ 67. Kd2 Kb2 68. a7 b3 69. Kd3 Kb1 70. Kc3 b2 71. Kd2 Ra2 72. Kd1 Ka1 73. Rb8 b1=Q+ 74. Rxb1+ Kxb1 75. a8=Q Rxa8 0-1

[Event "Winnipeg TNT 2026.02"]
[Site "Winnipeg CAN"]
[Date "2026.02.24"]
[Round "4.8"]
[White "Lam, Jacob"]
[Black "Essery, Richard"]
[Result "1/2-1/2"]
[WhiteElo "1286"]
[BlackElo "1524"]
[WhiteFideId "-1"]
[BlackFideId "-1"]
[PlyCount "133"]
[GameId "2285889122009402"]
[EventDate "2026.02.03"]
[EventType "swiss"]
[EventRounds "4"]
[EventCountry "CAN"]

1. d4 d5 2. Nc3 Bf5 3. Bf4 e6 4. e3 Nf6 5. f3 c5 6. g4 Bg6 7. h4 h6 8. h5 Bh7 9. Bd3 Be7 10. Nb5 Na6 11. Bxh7 Nxh7 12. Qd2 Bh4+ 13. Ke2 Be7 14. c3 Nf6 15. Rd1 Qb6 16. a4 O-O 17. Nh3 Nd7 18. g5 hxg5 19. Bxg5 f6 20. Bf4 Qc6 21. Qc2 e5 22. dxe5 fxe5 23. Ng5 e4 24. h6 Bxg5 25. Bxg5 Rxf3 26. Rdf1 Raf8 27. hxg7 Rxf1 28. Rxf1 Rxf1 29. Kxf1 Kxg7 30. Nxa7 Qe6 31. Qg2 Qg6 32. Nc8 Ne5 33. Ne7 Qf7+ 34. Bf4+ Ng6 35. Nxg6 Qxg6 36. Be5+ Kf7 37. Qf2+ Ke6 38. Bf4 Qh5 39. Qd2 Qf3+ 40. Ke1 Qh3 41. Kf2 Qf3+ 42. Kg1 b6 43. c4 Qg4+ 44. Kh2 Qh4+ 45. Kg2 Qg4+ 46. Bg3 Qf3+ 47. Kh2 Nb4 48. b3 Nd3 49. cxd5+ Kxd5 50. Bf4 Qf2+ 51. Qxf2 Nxf2 52. Kg2 Nd3 53. Bc7 Kc6 54. Bb8 Nc1 55. Kg3 Nxb3 56. Kf4 Nd2 57. Be5 c4 58. Bc3 Nb1 59. Bd4 Nd2 60. Ke5 Kb7 61. Bc3 Nb1 62. Kd4 Nxc3 63. Kxc3 Ka6 64. Kxc4 Ka5 65. Kb3 b5 66. axb5 Kxb5 67. Kc3 1/2-1/2